| 000 | 00609nam a22001695i 4500 | ||
|---|---|---|---|
| 001 | 160864 | ||
| 003 | ES-MaACL | ||
| 005 | 20230906212137.0 | ||
| 008 | 041004s1885 fr |||| | fre d | ||
| 040 |
_aCAM _bspa _cCAM |
||
| 100 | 1 |
_aOcampo, Armand. _9130587 |
|
| 245 | 1 | 2 |
_aL'eternelle antithèse _b: le combat social / _cArmand Ocampo. |
| 250 | _a2e éd. | ||
| 260 |
_aParis : _bPaul Ollendorff, éditeur, _c1885 ( _eEvreux : _fImprimerie de Charles Hérissey) |
||
| 300 |
_aVIII, 299 p. ; _c18 cm. |
||
| 852 |
_aES-MaACL _jD-3542 _z-- Enc. hol. con puntas _z-- An. ms.: ded. del autor al Ateneo de Madrid |
||
| 999 |
_c160864 _d160864 |
||